000 00634nam a2200289Ia 4500
005 20260401122043.0
008 008 250103s9999 xx 000 0 eng d
037 _aTB
040 _aEDL
040 _beng
040 _cEDL
041 _2eng
041 _aeng
084 _a891.443 MUK
084 _qEDL
100 _aMukhopadhyay, Sirshendu
_91232446
245 0 _aWoodworm: Ghoonpoka
245 0 _cMukhopadhyay, Sirshendu
260 _aMadras
260 _bMacmillan
260 _c1996
300 _a106p
942 _cTB
942 _h891.443 MUK
999 _c1844613
_d1844613